[Event "XXV Miedzynarodowy Festiwal Szachowy w Poznaniu - OPEN A"]
[Site "Poznan"]
[Date "2017.08.25"]
[Round "7.40"]
[White "Wolniaczyk, Daria"]
[Black "Szafranski, Maciej "]
[Result "1/2-1/2"]
[WhiteTitle ""]
[BlackTitle ""]
[WhiteElo "1629"]
[BlackElo "1439"]

1. e4 Nc6 2. d4 d5 3. e5 Bf5 4. Nf3 e6 5. a3 Nge7 6. Be3 Bg6 7. h3 Nf5 8. c4 Be7
9. Nc3 Nxe3 10. fxe3 Bh4+ 11. Kd2 dxc4 12. Bxc4 Bg5 13. Bb5 Rb8 14. Nxg5 Qxg5
15. Qf3 O-O 16. h4 Qf5 17. Qxf5 Bxf5 18. b4 h6 19. Bxc6 bxc6 20. e4 Bh7 21. Rhf1
a5 22. Rab1 axb4 23. axb4 Rb7 24. Rb3 Rfb8 25. Rfb1 Kf8 26. Ke3 Ke7 27. g3 f6
28. exf6+ gxf6 29. Na4 Rg8 30. Kf3 Bg6 31. b5 Rgb8 32. Nc3 cxb5 33. Rxb5 Rxb5
34. Rxb5 Rxb5 35. Nxb5 Kd7 36. g4 c6 37. Nc3 Kd6 38. Na4 e5 39. Ke3 Bf7 1/2-1/2

[Event "XXV Miedzynarodowy Festiwal Szachowy w Poznaniu - OPEN A"]
[Site "Poznan"]
[Date "2017.08.25"]
[Round "7.41"]
[White "Grochowski, Michal "]
[Black "Kabzinski, Jan "]
[Result "1-0"]
[WhiteTitle ""]
[BlackTitle ""]
[WhiteElo "1616"]
[BlackElo "1433"]

1. e4 c5 2. Nf3 Nc6 3. d4 cxd4 4. Nxd4 Nf6 5. Nc3 d6 6. Bg5 e6 7. Qd2 a6 8. O-O-O
Bd7 9. f4 b5 10. Bxf6 gxf6 11. Nxc6 Bxc6 12. f5 h5 13. Kb1 Qc7 14. fxe6 fxe6 15.
Bd3 Bh6 16. Qf2 Ke7 17. Rhe1 Qa7 18. Qf3 Rac8 19. Nd5+ Bxd5 20. exd5 e5 21. Bf5
Rc7 22. Be6 Qc5 23. c3 Bg5 24. h4 Bxh4 25. Rh1 Bg5 26. Rxh5 Rxh5 27. Qxh5 Rd7
1-0

[Event "XXV Miedzynarodowy Festiwal Szachowy w Poznaniu - OPEN A"]
[Site "Poznan"]
[Date "2017.08.25"]
[Round "7.42"]
[White "Hoffmann, Kacper "]
[Black "Zurawski, Mateusz"]
[Result "0-1"]
[WhiteTitle ""]
[BlackTitle ""]
[WhiteElo "1588"]
[BlackElo "1328"]

1. d4 f5 2. c4 Nf6 3. e3 g6 4. Nf3 Bg7 5. Bd3 O-O 6. O-O d6 7. Nc3 Nc6 8. a3 e5
9. dxe5 dxe5 10. e4 f4 11. h3 h6 12. b4 g5 13. b5 Nd4 14. Nxd4 exd4 15. Nd5 Nxd5
16. exd5 f3 17. Be4 g4 18. hxg4 Bxg4 19. Qd3 Qh4 20. Bxf3 Bxf3 21. gxf3 Be5 22.
Qg6+ Kh8 23. Qxh6+ Qxh6 24. Bxh6 Rg8+ 25. Kh1 Rg6 26. Rg1 Rxh6+ 27. Kg2 Rg8+ 28.
Kf1 Rxg1+ 29. Kxg1 Rg6+ 30. Kf1 Rf6 31. Kg2 Kg7 32. Re1 Rg6+ 33. Kh3 Kf6 34. Re4
0-1

[Event "XXV Miedzynarodowy Festiwal Szachowy w Poznaniu - OPEN A"]
[Site "Poznan"]
[Date "2017.08.25"]
[Round "7.43"]
[White "Zielinski, Tomasz"]
[Black "Wasiak, Stanislaw"]
[Result "1/2-1/2"]
[WhiteTitle ""]
[BlackTitle ""]
[WhiteElo "1215"]
[BlackElo "1551"]

1. e4 c6 2. d4 d5 3. Nc3 dxe4 4. Nxe4 Bf5 5. Ng3 Bg6 6. h4 h6 7. Nf3 e6 8. h5 Bh7
9. Bd3 Bxd3 10. Qxd3 Nd7 11. Bf4 Ngf6 12. O-O-O Nd5 13. Bd2 Bd6 14. Ne4 Qc7 15.
Nxd6+ Qxd6 16. Kb1 c5 17. Be3 Qa6 18. Qxa6 bxa6 19. dxc5 Nxe3 20. fxe3 Nxc5 21.
Rd4 O-O 22. Rhd1 Rab8 23. Rc4 Rfc8 24. b4 Na4 25. Rxc8+ Rxc8 26. Rd7 Nc3+ 27.
Kb2 Nd5 28. Ne5 Nxb4 29. c4 Rb8 30. Kc3 Nxa2+ 31. Kd4 Nb4 32. Rxf7 Rd8+ 33. Ke4
Rc8 34. Rxa7 Nc6 35. Rxa6 Nxe5 36. Kxe5 Rxc4 37. Kxe6 Re4+ 38. Kf5 Rxe3 39. g4
Kh7 40. Rg6 Rf3+ 41. Ke6 Rf4 42. Ke7 Re4+ 43. Kf7 Rf4+ 44. Ke7 1/2-1/2

[Event "XXV Miedzynarodowy Festiwal Szachowy w Poznaniu - OPEN A"]
[Site "Poznan"]
[Date "2017.08.25"]
[Round "7.44"]
[White "Szafranski, Piotr"]
[Black "Dopierala, Adam"]
[Result "1-0"]
[WhiteTitle ""]
[BlackTitle ""]
[WhiteElo "1545"]
[BlackElo "1059"]

1. e4 e5 2. f4 d6 3. Nf3 Nc6 4. Bc4 Be7 5. O-O Be6 6. Bb3 Nf6 7. Nc3 Bxb3 8. axb3
O-O 9. d3 Qd7 10. Kh1 Rad8 11. d4 exf4 12. Bxf4 a6 13. d5 Nb8 14. Nd4 c6 15. Qd3
Rfe8 16. Nf5 g6 17. Nxe7+ Qxe7 18. Bg5 Nbd7 19. Rxf6 Nxf6 20. Rf1 Qd7 21. Bxf6
Rc8 22. Qd2 1-0

[Event "XXV Miedzynarodowy Festiwal Szachowy w Poznaniu - OPEN A"]
[Site "Poznan"]
[Date "2017.08.25"]
[Round "7.45"]
[White "Drozdowicz, Ignacy "]
[Black "Nicikowski, Jozef"]
[Result "0-1"]
[WhiteTitle ""]
[BlackTitle ""]
[WhiteElo "1339"]
[BlackElo "1490"]

1. e4 d5 2. exd5 Nf6 3. d4 Nxd5 4. c4 Nb6 5. Nc3 c6 6. Nf3 Bg4 7. Be3 e6 8. h3
Bh5 9. b3 Bb4 10. Rc1 Qf6 11. Be2 h6 12. O-O Bg6 13. Bd3 N8d7 14. Ne4 Bxe4 15.
Bxe4 Rd8 16. Qc2 O-O 17. Rcd1 Rc8 18. Qb1 Rfd8 19. d5 e5 20. Bd2 Bf8 21. Bc3 Re8
22. Qb2 Qf4 23. Rfe1 Bc5 24. Bc2 cxd5 25. cxd5 Qg3 26. Be4 Bxf2+ 27. Qxf2 Qxf2+
28. Kxf2 Rxc3 29. Rd2 Nc5 30. Bb1 e4 31. Ng1 f5 32. Rde2 Nxd5 33. Nf3 Nf4 34.
Re3 Nfd3+ 35. Kf1 f4 36. R3e2 Nxe1 37. Nxe1 Rc1 38. Bc2 Kf7 39. Kf2 g5 40. b4
e3+ 41. Kf3 Nd7 42. a3 Ne5+ 43. Ke4 Nc6+ 44. Kd3 Rd8+ 45. Kc3 Nd4 46. Nd3 Nxe2+
47. Kb2 Re8 48. Nxc1 Nxc1 49. Kxc1 Kf6 50. Kd1 Rd8+ 51. Ke1 Ke5 52. Bd1 Rd2 53.
Bf3 Ra2 54. Bxb7 Rxa3 55. Bc6 h5 56. Ke2 Rb3 57. b5 Rb2+ 58. Ke1 Kd4 59. Bf3 h4
60. Be2 Rb1+ 61. Bd1 Kd3 62. b6 axb6 63. g3 e2 0-1

[Event "XXV Miedzynarodowy Festiwal Szachowy w Poznaniu - OPEN A"]
[Site "Poznan"]
[Date "2017.08.25"]
[Round "7.47"]
[White "Wojdak, Karol"]
[Black "Piasecki, Andrzej"]
[Result "1-0"]
[WhiteTitle ""]
[BlackTitle ""]
[WhiteElo "1372"]
[BlackElo "1300"]

1. e4 c5 2. Nf3 Nc6 3. d4 e6 4. d5 exd5 5. exd5 Qe7+ 6. Be3 Ne5 7. Be2 d6 8. Nc3
Nf6 9. h3 a6 10. Qd2 b5 11. Nxe5 dxe5 12. O-O-O h6 13. Rhe1 Qd6 14. Bf3 Nd7 15.
Ne4 Qg6 16. d6 Bb7 17. Nf6+ Qxf6 18. Bxb7 Rb8 19. Bf3 Rb6 20. Bf4 Rxd6 21. Qe3
Rxd1+ 22. Kxd1 Qd6+ 23. Kc1 f6 24. Bh5+ Kd8 25. Rd1 Qc7 26. Bg3 Bd6 27. Qe4 Nf8
28. Qd5 g6 29. Bg4 1-0

[Event "XXV Miedzynarodowy Festiwal Szachowy w Poznaniu - OPEN A"]
[Site "Poznan"]
[Date "2017.08.25"]
[Round "7.48"]
[White "Lapinski, Jerzy"]
[Black "Kaluzny, Stanislaw "]
[Result "1-0"]
[WhiteTitle ""]
[BlackTitle ""]
[WhiteElo "1280"]
[BlackElo "1361"]

1. d4 d5 2. c4 c6 3. Nc3 e6 4. Nf3 Nf6 5. Bf4 Be7 6. h3 Nbd7 7. e3 O-O 8. Bd3 b6
9. O-O Bb7 10. Re1 Rc8 11. e4 c5 12. e5 Ne8 13. Nb5 a6 14. Nc3 cxd4 15. Nxd4 dxc4
16. Bc2 b5 17. Qh5 g6 18. Qe2 Ng7 19. Ne4 Qb6 20. Rad1 Rcd8 21. Nf3 Nf5 22. Kh2
Nh4 23. Nxh4 Bxh4 24. g3 Be7 25. h4 Qc6 26. Rg1 Nc5 27. Nd6 Bxd6 28. exd6 f6 29.
Qg4 Kg7 30. h5 f5 31. Be5+ Rf6 32. Qg5 Nd7 33. h6+ Kf7 34. Bxf6 Nxf6 35. Qf4 Ng4+
36. Kh3 Nf6 37. g4 Bc8 38. Rg3 Nd5 39. Qe5 Nf6 40. g5 Nh5 41. Re3 Rxd6 42. Qxd6
Qxd6 43. Rxd6 Nf4+ 44. Kh2 Nd5 45. Re2 Nf4 46. Red2 Nd5 47. Rd8 1-0

[Event "XXV Miedzynarodowy Festiwal Szachowy w Poznaniu - OPEN A"]
[Site "Poznan"]
[Date "2017.08.25"]
[Round "7.49"]
[White "Kaluzny, Jan "]
[Black "Purczynski, Andrzej"]
[Result "1/2-1/2"]
[WhiteTitle ""]
[BlackTitle ""]
[WhiteElo "1350"]
[BlackElo "1243"]

1. e4 e6 2. d4 d5 3. e5 c5 4. c3 Qb6 5. Nf3 Nc6 6. a3 cxd4 7. cxd4 Nge7 8. b4 a6
9. Bb2 Nf5 10. Be2 Be7 11. O-O O-O 12. h3 Bd7 13. Qd2 h6 14. Rd1 Qd8 15. Nc3 Na7
16. Rac1 Nc8 17. Bd3 Nb6 18. Ne2 Rc8 19. Rxc8 Nxc8 20. Rc1 b5 21. Qc2 Nb6 22.
Nc3 Nc4 23. Bxf5 exf5 24. Nxd5 Be6 25. Nxe7+ Qxe7 26. Nd2 Rc8 27. Nxc4 Rxc4 28.
Qd1 Qc7 29. Rxc4 Qxc4 30. Qc1 Qxc1+ 31. Bxc1 Bd5 32. g3 Kf8 33. Kf1 Ke7 34. Ke2
f6 35. Ke3 fxe5 36. dxe5 Ke6 37. Bb2 h5 38. h4 g6 39. Kd4 Bc4 40. Kc5 Kd7 41.
Kb6 Be6 42. Kxa6 Kc6 43. Ka5 Bb3 44. Bd4 Kd5 45. Bc5 Kc6 46. e6 Bxe6 47. a4 Bc4
48. axb5+ Bxb5 49. Be3 Be2 50. Ka4 Bc4 51. Ka3 Kd5 52. Kb2 Be2 53. Kc3 Bb5 1/2-1/2

[Event "XXV Miedzynarodowy Festiwal Szachowy w Poznaniu - OPEN A"]
[Site "Poznan"]
[Date "2017.08.25"]
[Round "7.50"]
[White "Walaszyk, Zbigniew "]
[Black "Gajewski, Zbigniew "]
[Result "1/2-1/2"]
[WhiteTitle ""]
[BlackTitle ""]
[WhiteElo "1344"]
[BlackElo "1347"]

1. e4 g6 2. Nf3 Bg7 3. Bc4 e6 4. O-O Ne7 5. d4 O-O 6. c3 c6 7. e5 d5 8. Bd3 b6
9. h3 c5 10. Nh2 f5 11. Nd2 Nbc6 12. Ndf3 c4 13. Bc2 b5 14. a3 a5 15. Bg5 h6 16.
Bh4 g5 17. Bxg5 hxg5 18. Nxg5 Qe8 19. f4 Nd8 20. Rf2 Nf7 21. Ngf3 a4 22. g4 Nh8
23. Rg2 Ra7 24. Nh4 Neg6 25. Nxg6 Nxg6 26. Qd2 Nh4 27. Rg3 Qe7 28. g5 Ng6 29.
Kh1 Bh8 30. Rag1 Qh7 31. Nf3 Rg7 32. Bd1 Bd7 33. R1g2 Nh4 34. Nxh4 Qxh4 35. g6
Be8 36. Kh2 Qh6 37. Rg5 Bxg6 38. Qf2 Be8 39. R2g3 Rxg5 40. Rxg5+ Bg7 41. h4 Kh7
42. Qg3 Rg8 43. h5 Bf7 44. Qh4 Bf8 45. Rxg8 Bxg8 46. Qg5 Bf7 47. Kh3 Qxg5 48.
fxg5 Be7 49. Kh4 Kg7 50. Bf3 Kh7 51. Bd1 Kg7 52. Bf3 1/2-1/2

[Event "XXV Miedzynarodowy Festiwal Szachowy w Poznaniu - OPEN A"]
[Site "Poznan"]
[Date "2017.08.25"]
[Round "7.51"]
[White "Mozdzanowski, Filip"]
[Black "Nowak, Patrycja"]
[Result "1-0"]
[WhiteTitle ""]
[BlackTitle ""]
[WhiteElo "1329"]
[BlackElo "1182"]

1. Nf3 d5 2. g3 c6 3. Bg2 Bf5 4. d3 Nd7 5. Nbd2 Ngf6 6. Nh4 Bg6 7. O-O e6 8. e4
Bh5 9. Bf3 Bxf3 10. Nhxf3 Bd6 11. Qe2 h5 12. e5 Nxe5 13. Nxe5 h4 14. Ndf3 hxg3
15. fxg3 Qc7 16. Bd2 Nd7 17. Nxf7 1-0

[Event "XXV Miedzynarodowy Festiwal Szachowy w Poznaniu - OPEN A"]
[Site "Poznan"]
[Date "2017.08.26"]
[Round "8.1"]
[White "Tomczak, Jacek "]
[Black "Zadymov, Ihor"]
[Result "1-0"]
[WhiteTitle ""]
[BlackTitle ""]
[WhiteElo "2598"]
[BlackElo "2089"]

1. e4 c5 2. Nf3 e6 3. d4 cxd4 4. Nxd4 a6 5. Bd3 Qc7 6. O-O Nf6 7. Qe2 d6 8. f4
Nc6 9. Nxc6 bxc6 10. b3 Be7 11. Bb2 d5 12. Nd2 a5 13. Kh1 h5 14. c4 Bb7 15. cxd5
cxd5 16. Bb5+ Kf8 17. Bd3 h4 18. Bxf6 gxf6 19. h3 Rc8 20. exd5 Bxd5 21. Be4 Bxe4
22. Nxe4 Qc2 23. Qe3 Rg8 24. Rf2 Qc7 25. f5 Qe5 26. Raf1 Rg5 27. Qf4 Qxf4 28.
Rxf4 Rxf5 29. Rxf5 exf5 30. Nd2 Rc2 31. Nf3 Rxa2 32. Nxh4 Bd6 33. Nxf5 Be5 34.
Rd1 Kg8 35. Ne7+ Kg7 36. Nc6 a4 37. bxa4 Rxa4 38. Ne7 Ra1 39. Rxa1 Bxa1 40. g4
Kh6 41. h4 Bc3 42. Kg2 Be1 43. Nf5+ Kh7 44. h5 Bd2 45. Kf3 Bc1 46. Ke4 Bb2 47.
Kd5 Bc1 48. Kd6 Ba3+ 49. Kd7 Kg8 50. Ke8 Bf8 51. Ne7+ Kg7 52. Nf5+ Kg8 53. Ne7+
Kg7 54. Nc6 Ba3 55. Ne7 Bc5 56. Nf5+ Kg8 57. Ne7+ Kg7 58. Nf5+ Kg8 59. Kd7 Bb4
60. Kc6 Ba3 61. Kd5 Bc1 62. Nd6 Bb2 63. Ke4 Bc3 64. Kf5 Kg7 65. Ne8+ Kf8 66. Nxf6
Kg7 67. Ne4 Bb2 68. Nd6 Bc3 69. Kf4 Bd2+ 70. Kf5 Bc3 71. Nc4 Bd4 72. Ne5 Be3 73.
Nc6 Bc1 74. Nb4 Bd2 75. Nd5 Bc1 76. Nf6 Bb2 77. Ne8+ Kf8 78. Nd6 Kg7 79. g5 Bc3
80. h6+ Kg8 81. Nc4 Bd4 82. Ne5 Bc3 83. Ke4 Bd2 84. Nf3 Bc1 85. Kf5 Bb2 86. Nd2
Bd4 87. Ne4 Bb2 88. Nf6+ Kh8 89. Ne8 Kg8 90. Nd6 Bc3 91. Ne4 Bb2 92. Ng3 Bc3 93.
Nh5 Bb2 94. Nf6+ Kh8 95. Nd7 Kg8 96. g6 fxg6+ 97. Kxg6 Bd4 98. h7+ Kh8 99. Nf8
Bc5 100. Ne6 Be7 101. Nd4 Bc5 102. Nf3 1-0

[Event "XXV Miedzynarodowy Festiwal Szachowy w Poznaniu - OPEN A"]
[Site "Poznan"]
[Date "2017.08.26"]
[Round "8.2"]
[White "Dzwikowski, Adam "]
[Black "Szelag, Marcin "]
[Result "0-1"]
[WhiteTitle ""]
[BlackTitle ""]
[WhiteElo "1975"]
[BlackElo "2456"]

1. e4 c5 2. Nf3 d6 3. Bb5+ Nc6 4. Bxc6+ bxc6 5. e5 Bg4 6. h3 Bh5 7. d3 dxe5 8.
g4 Bg6 9. Nxe5 Qd5 10. Nf3 h5 11. Nc3 Qe6+ 12. Be3 hxg4 13. Ng5 Qf5 14. h4 Nf6
15. Qe2 c4 16. O-O-O cxd3 17. Rxd3 e6 18. Rd4 Be7 19. Rf4 Qe5 20. Qa6 O-O 21.
Rc4 Nd5 22. Nxd5 cxd5 23. Rxg4 Rac8 0-1

[Event "XXV Miedzynarodowy Festiwal Szachowy w Poznaniu - OPEN A"]
[Site "Poznan"]
[Date "2017.08.26"]
[Round "8.3"]
[White "Nowak, Rafal "]
[Black "Urban, Klaudiusz "]
[Result "0-1"]
[WhiteTitle ""]
[BlackTitle ""]
[WhiteElo "1996"]
[BlackElo "2426"]

1. d4 d5 2. Bg5 h6 3. Bh4 c5 4. dxc5 Qa5+ 5. Nc3 g5 6. Bg3 Bg7 7. Qd2 d4 8. Ne4
Qa4 9. Bxb8 Rxb8 10. e3 Bf5 11. Ng3 dxe3 12. fxe3 Bxc2 13. Rc1 Bg6 14. b3 Qd7
15. Qa5 a6 16. Nf3 Qe6 17. Qd2 Rd8 18. Bc4 Rxd2 19. Bxe6 Rxa2 20. Bc8 Bb2 21.
c6 bxc6 22. Rxc6 a5 23. O-O e6 24. Rd1 Ne7 25. Bd7+ Kf8 26. Ra6 Kg7 27. Ra7 Bf6
28. e4 g4 29. e5 gxf3 30. exf6+ Kxf6 31. gxf3 Nd5 32. Ra6 Nb4 33. Ra7 Nd5 34.
Ba4 Rc8 35. Rxa5 Rcc2 36. Nf1 Nf4 37. Re1 Nh3+ 38. Kh1 Rg2 0-1

[Event "XXV Miedzynarodowy Festiwal Szachowy w Poznaniu - OPEN A"]
[Site "Poznan"]
[Date "2017.08.26"]
[Round "8.4"]
[White "Sieciechowicz, Marcin"]
[Black "Nowak, Mikolaj "]
[Result "1-0"]
[WhiteTitle ""]
[BlackTitle ""]
[WhiteElo "2408"]
[BlackElo "2076"]

1. d4 d5 2. c4 e6 3. Nc3 Be7 4. Nf3 Nf6 5. Bg5 O-O 6. e3 c6 7. Bd3 Nbd7 8. O-O
dxc4 9. Bxc4 Nd5 10. Bxe7 Qxe7 11. Rc1 Nxc3 12. Rxc3 e5 13. Bb3 e4 14. Nd2 Nf6
15. Rc5 Nd7 16. Rc3 Nf6 17. Qc2 Bf5 18. Rc5 Bg6 19. Re5 Qc7 20. Rg5 Kh8 21. Rc1
Rad8 22. Qc5 Nd7 23. Qa3 f5 24. Be6 Nb6 25. Nc4 Nxc4 26. Bxc4 b6 27. h4 Rf6 28.
h5 Bf7 29. Be2 Bd5 30. Qc3 Qf7 31. Bc4 Bxc4 32. Qxc4 Rd5 33. a4 Rfd6 34. Qe2 Qe7
35. Rg3 Qd7 36. f3 c5 37. fxe4 fxe4 38. dxc5 Rd1+ 39. Rxd1 Rxd1+ 40. Kh2 bxc5
41. Qg4 Qxg4 42. Rxg4 Rd5 43. Rxe4 Rxh5+ 44. Kg1 h6 45. Re7 a6 46. Re6 a5 47.
Rb6 Re5 48. Rb5 Rxe3 49. Rxa5 Re2 50. Rb5 c4 51. a5 Kh7 52. a6 Re1+ 53. Kf2 Ra1
54. Rb6 h5 55. Ke3 g5 56. Kd4 h4 57. Kxc4 g4 58. Rd6 Ra2 59. Kb3 Ra5 60. Kb4 Ra2
61. Kb3 Ra5 62. Rd4 h3 63. Rxg4 hxg2 64. Rxg2 Rxa6 65. Kc3 Ra8 66. b4 Rc8+ 67.
Kd4 Rb8 68. Kc5 Rc8+ 69. Kd6 Rb8 70. Rg4 1-0

[Event "XXV Miedzynarodowy Festiwal Szachowy w Poznaniu - OPEN A"]
[Site "Poznan"]
[Date "2017.08.26"]
[Round "8.5"]
[White "Jedras, Piotr"]
[Black "Chojnacki, Krzysztof "]
[Result "1/2-1/2"]
[WhiteTitle ""]
[BlackTitle ""]
[WhiteElo "2091"]
[BlackElo "2377"]

1. e4 d6 2. d4 Nf6 3. Nc3 g6 4. f4 Bg7 5. Nf3 c5 6. Bb5+ Bd7 7. e5 Ng4 8. e6 Bxb5
9. exf7+ Kf8 10. Nxb5 Qa5+ 11. Nc3 cxd4 12. Nxd4 Kxf7 13. Qxg4 Bxd4 14. Bd2 Qf5
15. Qxf5+ gxf5 16. Nb5 Bb6 17. Bc3 Rg8 18. g3 Nd7 19. O-O-O Nc5 20. Nd4 e6 21.
Nb5 d5 22. Bd4 Ne4 23. Rhf1 a6 24. Nc3 Bxd4 25. Rxd4 Nd6 26. Ne2 Rac8 27. Ng1
Kf6 28. Nf3 Rc7 29. Re1 Ne4 30. Ne5 h5 31. Nf3 Rgc8 32. Re2 b5 33. Kd1 a5 34.
a3 Rb7 35. c3 Rbc7 36. Re3 Rc4 37. Rxc4 bxc4 38. Kc2 Rb8 39. Re2 Rb7 40. Re3 Nc5
41. Nd4 h4 42. gxh4 Rh7 43. Nf3 Nd3 44. Rxe6+ Kxe6 45. Ng5+ Kd6 46. Nxh7 Nxf4
47. b4 cxb3+ 48. Kxb3 Nh5 49. Ng5 Kc5 50. Nf3 f4 51. Nd2 Kb5 52. a4+ Kc5 53. Kc2
Kd6 54. Kd3 Ke5 55. Nf3+ Kf5 56. h3 Ng3 57. c4 dxc4+ 58. Kxc4 Ke4 59. Ne1 f3 60.
Nxf3 Kxf3 61. Kb5 Kf4 62. Kxa5 Nf5 63. Kb6 Nd6 64. Kc6 Nc4 65. Kd5 Nb6+ 66. Ke6
Nxa4 67. Kf6 Nc3 68. h5 Ne4+ 69. Kg6 Ke5 70. h6 Nf6 71. h4 Ke6 72. h5 Ke7 73.
h7 Nxh7 74. Kxh7 Kf7 75. h6 Kf8 76. Kg6 Kg8 77. h7+ Kh8 78. Kh6 1/2-1/2

[Event "XXV Miedzynarodowy Festiwal Szachowy w Poznaniu - OPEN A"]
[Site "Poznan"]
[Date "2017.08.26"]
[Round "8.6"]
[White "Niekras, Dawid "]
[Black "Zakrzewski, Marek"]
[Result "1/2-1/2"]
[WhiteTitle ""]
[BlackTitle ""]
[WhiteElo "2277"]
[BlackElo "2237"]

1. e4 c5 2. Nf3 e6 3. d4 cxd4 4. Nxd4 Nc6 5. Nc3 Qc7 6. Be3 a6 7. Qd2 Nf6 8. O-O-O
Be7 9. f3 h5 10. Kb1 d6 11. h3 h4 12. f4 Bd7 13. Nf3 b5 14. e5 dxe5 15. fxe5 Nxe5
16. Nxe5 Qxe5 17. Bf4 Qc5 18. Ne4 Qc6 19. Nxf6+ Bxf6 20. Bd3 Rd8 21. Bg5 Qc5 22.
Bxf6 gxf6 23. Rhf1 Qe7 24. Qa5 Bc6 25. Qc3 Bxg2 26. Rxf6 Rf8 27. Rxe6 Qxe6 28.
Re1 Bxh3 29. Rxe6+ Bxe6 30. Qc6+ Ke7 31. Qc5+ Ke8 32. Qc6+ Ke7 33. Qc5+ Ke8 34.
Qc6+ 1/2-1/2

[Event "XXV Miedzynarodowy Festiwal Szachowy w Poznaniu - OPEN A"]
[Site "Poznan"]
[Date "2017.08.26"]
[Round "8.8"]
[White "Orzechowski, Jacek "]
[Black "Polok, Kacper"]
[Result "0-1"]
[WhiteTitle ""]
[BlackTitle ""]
[WhiteElo "2069"]
[BlackElo "2249"]

1. c4 e5 2. Nc3 Bb4 3. Qc2 Nf6 4. Nf3 Bxc3 5. Qxc3 d6 6. g3 c5 7. Bg2 Nc6 8. d3
O-O 9. O-O Bg4 10. e3 Re8 11. h3 Bxf3 12. Bxf3 Rc8 13. a3 Qd7 14. Bg2 d5 15. cxd5
Nxd5 16. Qc2 Red8 17. Rd1 Nf6 18. Qxc5 e4 19. d4 Nxd4 20. Qxd4 Qe8 21. b4 Rxd4
22. Rxd4 Rc2 23. Bd2 h6 24. a4 Qe6 25. b5 Rc4 26. Rd8+ Kh7 27. Rd1 Qf5 28. g4
Qg6 29. Rd6 h5 30. gxh5 Qxh5 31. Be1 Rc5 32. Bb4 Rg5 33. Kh1 Rg6 34. Kh2 Qe5+
35. Kh1 Qg5 36. Rg1 Ng4 37. Rf1 Qe5 38. hxg4 Rxd6 39. Bxd6 Qxd6 40. Bxe4+ g6 41.
Bxb7 Qb4 42. Bc6 Qxa4 43. e4 a6 44. Rb1 axb5 45. Rxb5 Qc4 46. Rb7 Qxc6 47. Rxf7+
Kh6 48. Rf8 Kg5 49. Kg1 Qxe4 50. Rh8 Qxg4+ 51. Kh2 Qd4 0-1

[Event "XXV Miedzynarodowy Festiwal Szachowy w Poznaniu - OPEN A"]
[Site "Poznan"]
[Date "2017.08.26"]
[Round "8.9"]
[White "Olejarczyk, Wojciech "]
[Black "Raczynski, Krzysztof "]
[Result "0-1"]
[WhiteTitle ""]
[BlackTitle ""]
[WhiteElo "1820"]
[BlackElo "2208"]

1. d4 d6 2. c4 e5 3. dxe5 dxe5 4. Qxd8+ Kxd8 5. Nc3 Be6 6. e3 Nd7 7. Bd2 c6 8.
b3 f6 9. Nge2 Kc7 10. Ng3 Nh6 11. Rc1 a5 12. Be2 Nf7 13. O-O Ba3 14. Rc2 g6 15.
Bc1 Bxc1 16. Rfxc1 h5 17. Rd2 h4 18. Nge4 f5 19. Nd5+ Bxd5 20. cxd5 fxe4 21. dxc6
bxc6 22. Bb5 Nb8 23. Rdc2 Rc8 24. Bxc6 Nxc6 25. Rxc6+ Kd7 26. R6c2 Rxc2 27. Rxc2
Rc8 28. Rd2+ Ke6 29. h3 Rc1+ 30. Kh2 Nd6 31. g3 hxg3+ 32. fxg3 Re1 33. g4 g5 34.
Rc2 Rxe3 35. Kg2 Kd5 0-1

[Event "XXV Miedzynarodowy Festiwal Szachowy w Poznaniu - OPEN A"]
[Site "Poznan"]
[Date "2017.08.26"]
[Round "8.10"]
[White "Chaczynski, Kamil"]
[Black "Koitka, Jakub"]
[Result "0-1"]
[WhiteTitle ""]
[BlackTitle ""]
[WhiteElo "1495"]
[BlackElo "2144"]

1. c4 c6 2. Nc3 d5 3. cxd5 cxd5 4. d4 Nf6 5. Nf3 Nc6 6. Bf4 Bf5 7. e3 e6 8. Bb5
Bd6 9. Qa4 O-O 10. Bxd6 Qxd6 11. Nh4 Bg4 12. Be2 Bxe2 13. Nxe2 Qb4+ 14. Qxb4 Nxb4
15. O-O Rfc8 16. Nc3 Ne4 17. Rfc1 Nd3 18. Rc2 b6 19. Nf3 Nxb2 20. Rac1 Nd3 21.
Rd1 Nb4 0-1

[Event "XXV Miedzynarodowy Festiwal Szachowy w Poznaniu - OPEN A"]
[Site "Poznan"]
[Date "2017.08.26"]
[Round "8.11"]
[White "Augustowski, Janusz"]
[Black "Bednarska-bzdega, Malgorzata "]
[Result "1/2-1/2"]
[WhiteTitle ""]
[BlackTitle ""]
[WhiteElo "1810"]
[BlackElo "2047"]

1. e4 Nf6 2. Nc3 d5 3. exd5 Nxd5 4. Nf3 Bg4 5. Be2 e6 6. O-O Be7 7. Ne5 Bxe2 8.
Qxe2 O-O 9. Nxd5 Qxd5 10. c4 Qd4 11. Nf3 Qd6 12. d4 Nc6 13. Be3 Bf6 14. Rfd1 Ne7
15. g3 Rad8 16. Bf4 Qb6 17. Rac1 c5 18. dxc5 Qxc5 19. a3 Nc6 20. b4 Qe7 21. c5
e5 22. Be3 a6 23. Rd6 e4 24. Nd2 Bb2 25. Rc4 f5 26. h4 Bf6 27. a4 Ne5 28. Rxd8
Rxd8 29. Rd4 Nd3 30. Rxd8+ Qxd8 31. Nc4 Qd5 32. Nd6 Nxb4 33. Qd2 Nd3 34. Qa5 h6
35. Qc7 Kh7 36. h5 Ne5 37. Ne8 Qd1+ 38. Kg2 Qf3+ 39. Kg1 Qd1+ 40. Kg2 Qf3+ 41.
Kg1 1/2-1/2

[Event "XXV Miedzynarodowy Festiwal Szachowy w Poznaniu - OPEN A"]
[Site "Poznan"]
[Date "2017.08.26"]
[Round "8.12"]
[White "Lesien, Przemyslaw "]
[Black "Banach, Szymon "]
[Result "0-1"]
[WhiteTitle ""]
[BlackTitle ""]
[WhiteElo "1763"]
[BlackElo "2040"]

1. d4 Nf6 2. c4 g6 3. Nc3 Bg7 4. e4 d6 5. f3 O-O 6. Be3 Nc6 7. Qd2 e5 8. d5 Ne7
9. O-O-O Ne8 10. g4 c6 11. h4 cxd5 12. cxd5 f6 13. Bh6 Bd7 14. Bh3 Rc8 15. Kb1
Bxh6 16. Qxh6 Rxc3 17. bxc3 Qb6+ 18. Kc1 Nc7 19. Rh2 Rc8 20. Rb2 Qc5 21. Qd2 Ba4
22. Re1 Nb5 23. Rxb5 Bxb5 24. Re3 Bc4 25. Kb1 Qb6+ 26. Ka1 Rc5 27. Re1 Bxa2 28.
Qb2 Qa5 29. Qb4 Qa6 30. Kb2 Rb5 31. Qxb5 Qxb5+ 32. Kxa2 a5 33. Rb1 Qc4+ 34. Kb2
a4 35. Kc2 a3 36. Rxb7 Qa2+ 37. Kd3 Qf2 38. Rxe7 Qxg1 39. g5 f5 40. exf5 gxf5
41. Bxf5 Qb1+ 42. Kc4 Qxf5 43. Kb3 Qf8 44. Re6 Qa8 45. Rxd6 a2 46. Rc6 Qxc6 47.
dxc6 a1=Q 48. Kc4 Qa5 0-1

[Event "XXV Miedzynarodowy Festiwal Szachowy w Poznaniu - OPEN A"]
[Site "Poznan"]
[Date "2017.08.26"]
[Round "8.13"]
[White "Bajerlein, Dawid "]
[Black "Malaczek, Mateusz"]
[Result "0-1"]
[WhiteTitle ""]
[BlackTitle ""]
[WhiteElo "2037"]
[BlackElo "1950"]

1. d4 g6 2. c4 Bg7 3. g3 c5 4. Nf3 cxd4 5. Nxd4 Nc6 6. Nb3 Nf6 7. Bg2 O-O 8. Nc3
a5 9. a4 d6 10. O-O Be6 11. Nd5 Bxd5 12. cxd5 Nb4 13. Be3 Rc8 14. Bd4 Rc4 15.
Rc1 Rxc1 16. Nxc1 Qc7 17. Nb3 Rc8 18. Bh3 Rb8 19. Bg2 Rc8 20. e4 Qd8 21. Qb1 Nd7
22. Rc1 Bxd4 23. Nxd4 Rxc1+ 24. Qxc1 Nc5 25. b3 Qb6 26. Qe3 Ncd3 27. Bf1 Ne5 28.
h3 Qxd4 29. Qe2 Qd3 30. Qb2 Qxe4 31. Bg2 Nf3+ 32. Bxf3 Qxf3 33. Qd4 Qxd5 34. Qb6
e6 35. h4 h5 36. Kh2 Nd3 37. Kg1 Qf3 38. Qd8+ Kg7 39. Qxd6 Qxf2+ 40. Kh1 Qe1+
41. Kg2 Qe2+ 42. Kg1 Ne5 43. Qd4 Kh7 44. Kh1 Nf3 0-1

[Event "XXV Miedzynarodowy Festiwal Szachowy w Poznaniu - OPEN A"]
[Site "Poznan"]
[Date "2017.08.26"]
[Round "8.14"]
[White "Kus, Aleksander"]
[Black "Nadstoga, Wojciech "]
[Result "1-0"]
[WhiteTitle ""]
[BlackTitle ""]
[WhiteElo "2012"]
[BlackElo "1926"]

1. e4 d6 2. d4 g6 3. Nc3 Bg7 4. Bg5 h6 5. Bf4 Nc6 6. d5 Ne5 7. Qd2 c5 8. Bg3 g5
9. h4 gxh4 10. Bxh4 Nf6 11. O-O-O Bd7 12. f4 Ng6 13. Bg3 Qb6 14. Re1 O-O-O 15.
Nf3 e6 16. dxe6 fxe6 17. Bd3 Ne7 18. Bh4 Rdf8 19. Nd1 Nc6 20. c3 Ng4 21. Ne3 Nxe3
22. Qxe3 Qa5 23. Bb1 b5 24. Rd1 b4 25. Be1 Qc7 26. Bc2 a5 27. g3 Rd8 28. Rh2 Be8
29. Kb1 Na7 30. cxb4 axb4 31. Nd2 Bd4 32. Qf3 Nb5 33. Nb3 Bg7 34. Rc1 Kb8 35.
Bd3 Qf7 36. e5 dxe5 37. Nxc5 Qa7 38. Bxb4 Rxd3 39. Qxd3 Nd4 40. Na6+ Kb7 41. Rc7+
Ka8 42. Rxa7+ Kxa7 43. Bc5+ Kb7 44. Bxd4 exd4 45. Nc5+ Kc6 46. Nxe6 Bf6 47. Nxd4+
Kd7 48. Re2 Rg8 49. Nf5+ 1-0

[Event "XXV Miedzynarodowy Festiwal Szachowy w Poznaniu - OPEN A"]
[Site "Poznan"]
[Date "2017.08.26"]
[Round "8.15"]
[White "Malyovanyi, Yulian "]
[Black "Nun, Grzegorz"]
[Result "1/2-1/2"]
[WhiteTitle ""]
[BlackTitle ""]
[WhiteElo "2006"]
[BlackElo "1829"]

1. e4 c5 2. Nf3 d6 3. d4 cxd4 4. Nxd4 Nf6 5. Nc3 a6 6. Bg5 e6 7. f4 Be7 8. Qf3
Qc7 9. O-O-O O-O 10. g4 b5 11. a3 Bb7 12. Bxf6 Bxf6 13. g5 Bxd4 14. Rxd4 Nc6 15.
Rd2 b4 16. axb4 Nxb4 17. Kb1 Rac8 18. Bg2 d5 19. exd5 Nxd5 20. Nxd5 Bxd5 21. Qe3
Bxg2 22. Rxg2 Rb8 1/2-1/2